Senegal City Quiz - Statistics

General Stats
  • This quiz has been taken 25 times
  • The average score is 4 of 8
Answer Stats
City % Correct
Dakar
100%
Saint-Louis
75%
Thies
70%
Ziguinchor
55%
M'Bour
40%
Touba
40%
Kaolack
35%
Rufisque
20%
No matching quizzes found
Score Distribution
Percent of People with Each Score
Percentile by Number Answered
Your Score History
You have not taken this quiz